| 000 | 00772nam a2200229 i 4500 | ||
|---|---|---|---|
| 001 | 30495 | ||
| 003 | ES-MaACL | ||
| 005 | 20250806033247.0 | ||
| 007 | t| | ||
| 008 | 030124s1929 fr |||| | fre d | ||
| 080 | _a17(44)(091) | ||
| 100 | 1 |
_aBayet, Albert. _926665 |
|
| 245 | 1 | 0 |
_aHistorie de la morale en France / _cAlbert Bayet. |
| 260 |
_aParís : _bFélix Alcan, _c1929 ( _fPresses Universitaires) |
||
| 300 |
_a2 v. ; _c20 cm. |
||
| 490 | 1 | _aBibliotheque de philosophie contemporaine | |
| 505 | 8 | _aContiene: V. I: La morale des gaulois. -- V. II: La morale Painne a l'époque gallo-romaine | |
| 650 | 7 |
_aÉtica- _zFrancia _2 _9156612 |
|
| 830 | 0 |
_aBibliotheque de philosophie contemporaine _9181027 |
|
| 852 |
_aES-MaACL _jA-1046-47 |
||
| 999 |
_c30495 _d30495 |
||